The Journal of respiratory Diseases (Registro nro. 1207)

Detalles MARC
000 -LEADER
fixed length control field 00514nas a22001697a 4500
008 - CAMPO DE CONTROL RECURSOS CONTINUADOS
fixed length control field 130305t20009999ag ||||| |||| 00| 0 spa d
245 ## - TITULO
Titulo The Journal of respiratory Diseases
250 ## - MENCION DE EDICION
Edition statement Edicion Argentina
260 ## - PUBLICACION, DISTRIBUCION, ETC. (PIE DE IMPRENTA)
Lugar de publicación, distribución, etc Buenos Aires:
Nombre de la editorial, distribuidor, etc. AP Americana de Publicaciones,
Fecha de publicación 2000
300 ## - DESCRIPCION FISICA
Extensión v. :
310 ## - FRECUENCIA ACTUAL DE LA PUBLICACION
Frecuencia actual de la publicación bimestral
546 ## - NOTA DE IDIOMA
Nota de lenguaje español
590 ## - NOTAS LOCALES (RLIN)
Nota local Existencias: 2000 7(4)<br/>BAJA DEPOSITO (CAJA 19) MAYO 2019
650 ## - MATERIA-TERMINO TEMATICO
Término temático NEUMONOLOGIA
9 (RLIN) 1933
650 ## - MATERIA-TERMINO TEMATICO
Término temático ENFERMEDADES RESPIRATORIAS
9 (RLIN) 1934
942 ## - ADDED ENTRY ELEMENTS (KOHA)
Source of classification or shelving scheme Dewey Decimal Classification
Item type Continuing Resources

No hay ítems disponibles.


UNIVERSIDAD NACIONAL DEL COMAHUE
Biblioteca de la Facultad de Ciencias Médicas
Sede Toschi: Los Arrayanes y Av. Toschi, Cipolletti  - Rio Negro
Sede Los Tordos:  Yrigoyen al 2211, Cipolletti - Rio Negro 

Teléfono: 0299 - 4774707 int 25
Contacto: biblioteca@facimed.uncoma.edu.ar
© 2011 - 2026